000 00459nam a22001817a 4500
003 MPLRDC
005 20220104143522.0
008 210129b ||||| |||| 00| 0 eng d
082 _a177.3 CAR v.5 c.4
100 _aDALE CARNEGIE 原著; 季祥译
245 _a快乐的人生
_c
250 _a十二版
260 _a
_b名人出版社
_c1981
300 _b
490 _a卡耐基做人处世丛书;5
650 _a
942 _cBK
_o177.3 CAR v.5 c.4
999 _c40691
_d40681